<?xml version="1.0" encoding="UTF-8"?>
<record
    xmlns:xsi="http://www.w3.org/2001/XMLSchema-instance"
    xsi:schemaLocation="http://www.loc.gov/MARC21/slim http://www.loc.gov/standards/marcxml/schema/MARC21slim.xsd"
    xmlns="http://www.loc.gov/MARC21/slim">

  <leader>01208nam a22001817a 4500</leader>
  <controlfield tag="005">20210414113926.0</controlfield>
  <controlfield tag="008">120417t        xxu||||| |||| 00| 0 eng d</controlfield>
  <datafield tag="020" ind1=" " ind2=" ">
    <subfield code="a">978 0072978841  978 0073222967</subfield>
  </datafield>
  <datafield tag="050" ind1=" " ind2=" ">
    <subfield code="a">HB172.C671</subfield>
  </datafield>
  <datafield tag="100" ind1=" " ind2=" ">
    <subfield code="a">Colander, David</subfield>
  </datafield>
  <datafield tag="245" ind1=" " ind2=" ">
    <subfield code="a">Microeconomics /</subfield>
    <subfield code="c">David C. Colander</subfield>
  </datafield>
  <datafield tag="250" ind1=" " ind2=" ">
    <subfield code="a">6th</subfield>
  </datafield>
  <datafield tag="260" ind1=" " ind2=" ">
    <subfield code="a">Boston:</subfield>
    <subfield code="b">McGraw Hill,</subfield>
    <subfield code="c">2006.</subfield>
  </datafield>
  <datafield tag="300" ind1=" " ind2=" ">
    <subfield code="a">xxiii, 509 p.:</subfield>
    <subfield code="b">various pagings;</subfield>
    <subfield code="c">26cm.</subfield>
  </datafield>
  <datafield tag="500" ind1=" " ind2=" ">
    <subfield code="a">Includes index.</subfield>
  </datafield>
  <datafield tag="505" ind1=" " ind2=" ">
    <subfield code="a">Contents: Economics and economic reasoning -- Trade, trade-offs and government policy -- The Evolving U.S. economy in perspective -- Supply and demand -- Using supply and demand -- Describing supply and demand elasticities -- Taxation and government intervention -- The Logic of individual choice -- Production and cost analysis -- Perfect competition -- Monopoly -- Monopolistic competition, oligopoly and strategic pricing -- Real world competition and technology -- Antitrust policy and regulation -- Work and the labour market -- Government policy and market failures -- Politics and economics -- Microeconomic policy, economic reasoning and beyond -- International trade policy, comparative advantage and outsourcing.</subfield>
  </datafield>
  <datafield tag="942" ind1=" " ind2=" ">
    <subfield code="2">lcc</subfield>
    <subfield code="c">BK</subfield>
  </datafield>
  <datafield tag="999" ind1=" " ind2=" ">
    <subfield code="c">718</subfield>
    <subfield code="d">8218</subfield>
  </datafield>
  <datafield tag="952" ind1=" " ind2=" ">
    <subfield code="0">0</subfield>
    <subfield code="1">0</subfield>
    <subfield code="2">lcc</subfield>
    <subfield code="4">0</subfield>
    <subfield code="7">0</subfield>
    <subfield code="a">WIUC-1</subfield>
    <subfield code="b">WIUC-1</subfield>
    <subfield code="c">GEN</subfield>
    <subfield code="d">2012-04-17</subfield>
    <subfield code="l">0</subfield>
    <subfield code="o">HB172.C671</subfield>
    <subfield code="p">1690/12</subfield>
    <subfield code="r">2012-04-17 00:00:00</subfield>
    <subfield code="t">1</subfield>
    <subfield code="w">2012-04-17</subfield>
    <subfield code="y">BK</subfield>
  </datafield>
  <datafield tag="952" ind1=" " ind2=" ">
    <subfield code="0">0</subfield>
    <subfield code="1">0</subfield>
    <subfield code="2">lcc</subfield>
    <subfield code="4">0</subfield>
    <subfield code="7">0</subfield>
    <subfield code="a">WIUC-1</subfield>
    <subfield code="b">WIUC-1</subfield>
    <subfield code="c">GEN</subfield>
    <subfield code="d">2012-04-17</subfield>
    <subfield code="l">0</subfield>
    <subfield code="o">HB172.C672</subfield>
    <subfield code="p">1691/12</subfield>
    <subfield code="r">2012-04-17 00:00:00</subfield>
    <subfield code="t">2</subfield>
    <subfield code="w">2012-04-17</subfield>
    <subfield code="y">BK</subfield>
  </datafield>
  <datafield tag="952" ind1=" " ind2=" ">
    <subfield code="0">0</subfield>
    <subfield code="1">0</subfield>
    <subfield code="2">lcc</subfield>
    <subfield code="4">0</subfield>
    <subfield code="7">0</subfield>
    <subfield code="a">WIUC-1</subfield>
    <subfield code="b">WIUC-1</subfield>
    <subfield code="c">GEN</subfield>
    <subfield code="d">2012-04-17</subfield>
    <subfield code="l">0</subfield>
    <subfield code="o">HB172.C673</subfield>
    <subfield code="p">1692/12</subfield>
    <subfield code="r">2012-04-17 00:00:00</subfield>
    <subfield code="t">3</subfield>
    <subfield code="w">2012-04-17</subfield>
    <subfield code="y">BK</subfield>
  </datafield>
  <datafield tag="952" ind1=" " ind2=" ">
    <subfield code="0">0</subfield>
    <subfield code="1">0</subfield>
    <subfield code="2">lcc</subfield>
    <subfield code="4">0</subfield>
    <subfield code="7">0</subfield>
    <subfield code="a">WIUC-1</subfield>
    <subfield code="b">WIUC-1</subfield>
    <subfield code="c">GEN</subfield>
    <subfield code="d">2012-04-17</subfield>
    <subfield code="l">0</subfield>
    <subfield code="o">HB172.C6731</subfield>
    <subfield code="p">1693/12</subfield>
    <subfield code="r">2012-04-17 00:00:00</subfield>
    <subfield code="t">4</subfield>
    <subfield code="w">2012-04-17</subfield>
    <subfield code="y">BK</subfield>
  </datafield>
  <datafield tag="952" ind1=" " ind2=" ">
    <subfield code="0">0</subfield>
    <subfield code="1">0</subfield>
    <subfield code="2">lcc</subfield>
    <subfield code="4">0</subfield>
    <subfield code="7">0</subfield>
    <subfield code="a">WIUC-1</subfield>
    <subfield code="b">WIUC-1</subfield>
    <subfield code="c">GEN</subfield>
    <subfield code="d">2012-04-17</subfield>
    <subfield code="l">0</subfield>
    <subfield code="o">HB172.C6732</subfield>
    <subfield code="p">1694/12</subfield>
    <subfield code="r">2012-04-17 00:00:00</subfield>
    <subfield code="t">5</subfield>
    <subfield code="w">2012-04-17</subfield>
    <subfield code="y">BK</subfield>
  </datafield>
</record>
